[Event "SPICE Cup Open 2016"]
[Site "Saint Louis USA"]
[Date "2016.10.19"]
[Round "4.15"]
[White "Sukandar, Irine Kharisma"]
[Black "Eckert, Doug D."]
[Result "1-0"]
[WhiteTitle "IM"]
[BlackTitle "FM"]
[WhiteElo "2432"]
[BlackElo "2191"]
[WhiteFideId "7101937"]
[BlackFideId "2001993"]
[EventDate "2016.10.17"]
[EventType "swiss"]

1. d4 Nf6 2. Nf3 e6 3. Bf4 c5 4. e3 Nc6 5. Nbd2 d5 6. c3 Bd6 7. Bg3 O-O 8. Bd3
b6 9. Qe2 Bb7 10. Rd1 cxd4 11. exd4 Ne7 12. O-O Nf5 13. Be5 Be7 14. Rfe1 Nd6 15.
Bb1 a5 16. Nf1 Ba6 17. Qc2 g6 18. Ng3 Nde4 19. Qc1 Nxg3 20. hxg3 Re8 21. Bxf6
Bxf6 22. g4 b5 23. g5 Bg7 24. Qf4 b4 25. Ne5 f6 26. gxf6 Qxf6 27. Qg3 bxc3 28.
bxc3 Qe7 29. Re3 Bxe5 30. Qxe5 Rab8 31. Bc2 Rb2 32. Bb3 Qh4 33. Rf3 Re2 34. Qd6
Bc4 35. Bxc4 dxc4 36. Qc6 Rf8 37. Rxf8+ Kxf8 38. Qf3+ 1-0

[Event "SPICE Cup Open 2016"]
[Site "Saint Louis USA"]
[Date "2016.10.19"]
[Round "4.16"]
[White "Williams, Justus D"]
[Black "Swindell, Shawn"]
[Result "1-0"]
[WhiteTitle "FM"]
[WhiteElo "2313"]
[BlackElo "2034"]
[WhiteFideId "2049929"]
[BlackFideId "2064588"]
[EventDate "2016.10.17"]
[EventType "swiss"]

1. Nf3 Nf6 2. c4 d6 3. g3 e5 4. Bg2 Be7 5. O-O O-O 6. d4 Nbd7 7. Nc3 c6 8. e4
Qc7 9. h3 Re8 10. Re1 Bf8 11. Be3 exd4 12. Nxd4 Nc5 13. Qc2 a5 14. Rad1 Be6 15.
b3 Rad8 16. g4 Nfd7 17. f4 f6 18. Qf2 g6 19. Bf3 Bg7 20. Re2 Rf8 21. Red2 f5 22.
Nde2 fxe4 23. Nxe4 Nxe4 24. Bxe4 Nf6 25. Bg2 c5 26. Qf3 Rd7 27. Nc3 Rfd8 28. Nb5
Qb6 29. Qf2 Bf8 30. f5 gxf5 31. gxf5 Bf7 32. Qg3+ Kh8 33. Bg5 Be7 34. Re1 d5 35.
Qh4 1-0

[Event "SPICE Cup Open 2016"]
[Site "Saint Louis USA"]
[Date "2016.10.19"]
[Round "4.17"]
[White "Sharevich, Anna"]
[Black "Mercado, Luisa Fernanda"]
[Result "1-0"]
[WhiteTitle "WGM"]
[BlackTitle "WFM"]
[WhiteElo "2268"]
[BlackElo "1939"]
[WhiteFideId "13503189"]
[BlackFideId "4400984"]
[EventDate "2016.10.17"]
[EventType "swiss"]

1. d4 d5 2. Nf3 Nf6 3. c4 e6 4. g3 Bb4+ 5. Bd2 Be7 6. Bg2 c6 7. Qc2 Nbd7 8. O-O
O-O 9. Bf4 b6 10. Nc3 Ba6 11. cxd5 cxd5 12. Qa4 Bb7 13. Nb5 Bc6 14. Rac1 Bxb5
15. Qxb5 Ne4 16. Rc2 Bd6 17. Rfc1 Bxf4 18. gxf4 a6 19. Qd3 b5 20. Ne5 f5 21. Rc6
Re8 22. Rc7 Nf8 23. Bxe4 dxe4 24. Qc3 Qf6 25. Rf7 Qh6 26. Qg3 Rac8 27. Rcc7 Rxc7
28. Rxc7 Ra8 29. Qg5 Qf6 30. h4 Qxg5+ 31. fxg5 g6 32. e3 Rd8 33. Kg2 Rd6 34. Kg3
Rd8 35. f3 exf3 36. Kxf3 Rd6 37. Ra7 Rb6 38. Nf7 Rc6 39. Nh6+ Kh8 40. Rf7 Rc8
41. Kf4 Ra8 42. Ke5 a5 43. Kf6 1-0

[Event "SPICE Cup Open 2016"]
[Site "Saint Louis USA"]
[Date "2016.10.19"]
[Round "4.18"]
[White "Adamson, Robby"]
[Black "Betaneli, Alexander"]
[Result "1/2-1/2"]
[WhiteTitle "FM"]
[BlackTitle "FM"]
[WhiteElo "2247"]
[BlackElo "2259"]
[WhiteFideId "2009730"]
[BlackFideId "2012359"]
[EventDate "2016.10.17"]
[EventType "swiss"]

1. e4 e5 2. Nf3 Nc6 3. Bc4 Be7 4. O-O Nf6 5. d3 O-O 6. a4 d6 7. Re1 Nd4 8. c3
Nxf3+ 9. Qxf3 Be6 10. Bxe6 fxe6 11. Qh3 Qd7 12. Nd2 Rae8 13. Nc4 Bd8 14. b4 Qf7
15. Be3 b6 16. b5 Qg6 17. f3 Nh5 18. d4 exd4 19. cxd4 Bg5 20. Rad1 Rf7 21. Kh1
Bxe3 22. Nxe3 Nf4 23. Qg3 e5 24. Qxg6 Nxg6 25. Nd5 Nf4 26. Nxf4 Rxf4 27. d5 g5
28. Rc1 Re7 29. Rc3 Kg7 30. g3 Rff7 31. Kg2 Kg6 32. Ra1 h5 33. a5 Kg7 34. Ra2
Kg6 35. axb6 axb6 36. Ra8 Kg7 37. Rc8 Rd7 38. Rc2 Rde7 39. Rc3 Rd7 40. Kf2 Rde7
41. Ke2 Rd7 42. Ke3 Rde7 43. Rc1 Kf6 44. Rf1 Kg7 45. Rc1 Kf6 46. Rg1 Rg7 47. Rh8
Rh7 48. Rxh7 Rxh7 49. f4 exf4+ 50. gxf4 gxf4+ 51. Kxf4 Rh8 52. Rg5 h4 53. e5+
dxe5+ 54. Rxe5 Rg8 55. Re6+ Kf7 56. Rc6 Rg2 57. Rxc7+ Ke8 58. Rb7 Rxh2 59. Rxb6
Kd7 60. Rh6 h3 61. b6 Rb2 62. Ke5 Re2+ 63. Kd4 h2 64. Rh7+ Kc8 65. Kc5 Rc2+ 66.
Kd6 Rb2 67. Kc6 Rc2+ 68. Kd6 Rb2 69. b7+ Kb8 70. Kc6 Rc2+ 71. Kb6 Rb2+ 72. Kc5
Rc2+ 73. Kd6 Rb2 74. Kc6 Rc2+ 75. Kd6 1/2-1/2

[Event "SPICE Cup Open 2016"]
[Site "Saint Louis USA"]
[Date "2016.10.19"]
[Round "4.19"]
[White "Troff, Kayden W"]
[Black "Voelker, James"]
[Result "1-0"]
[WhiteTitle "GM"]
[WhiteElo "2501"]
[BlackElo "2112"]
[WhiteFideId "2047896"]
[BlackFideId "2018853"]
[EventDate "2016.10.17"]
[EventType "swiss"]

1. d4 Nf6 2. c4 e6 3. Nf3 d5 4. Nc3 Be7 5. Bf4 O-O 6. a3 b6 7. e3 c5 8. dxc5
bxc5 9. Rc1 Ba6 10. cxd5 exd5 11. Bxa6 Nxa6 12. O-O Qd7 13. Qe2 Qe6 14. b4 cxb4
15. Nd4 Qb6 16. Na4 Qa5 17. Nc6 Qxa4 18. Nxe7+ Kh8 19. Rc6 Nb8 20. Rxf6 gxf6 21.
Bh6 Nd7 22. Qg4 Rg8 23. Nxg8 Rxg8 24. Qxb4 Qc6 25. f3 Qc2 26. g3 Rb8 27. Qe7 Qg6
28. Bf4 Rb7 29. Qd8+ Kg7 30. Qc8 Rb2 31. Qxd7 1-0

[Event "SPICE Cup Open 2016"]
[Site "Saint Louis USA"]
[Date "2016.10.19"]
[Round "4.20"]
[White "Cervantes Landeiro, Thalia"]
[Black "Kiewra, Keaton F"]
[Result "0-1"]
[WhiteTitle "WCM"]
[BlackTitle "IM"]
[WhiteElo "1910"]
[BlackElo "2454"]
[WhiteFideId "3520498"]
[BlackFideId "2019280"]
[EventDate "2016.10.17"]
[EventType "swiss"]

1. d4 Nf6 2. Nf3 g6 3. Bf4 Bg7 4. e3 O-O 5. c4 d6 6. h3 Nbd7 7. Nc3 b6 8. Be2
Bb7 9. O-O Re8 10. Rc1 e5 11. dxe5 dxe5 12. Bg5 h6 13. Bh4 e4 14. Nd4 a6 15. Qc2
c5 16. Nb3 g5 17. Bg3 Ne5 18. Rfd1 Qc8 19. Rd6 Bc6 20. Rcd1 Qb7 21. Bxe5 Rxe5
22. Rd8+ Rxd8 23. Rxd8+ Re8 24. Rd6 Qc7 25. Qd1 Re7 26. Rd8+ Re8 27. Rd6 Kh7 28.
a4 Rb8 29. Rd2 Qe5 30. Rd6 Ba8 31. a5 bxa5 32. Rxa6 Bf8 33. Rxa5 Bd6 34. g3 Rd8
35. Qc2 Bc6 36. Nb5 Bxb5 37. cxb5 Nd5 38. Ra7 Nxe3 39. Qc3 Nd5 40. Qxe5 Bxe5 41.
Rxf7+ Kg6 42. Rb7 e3 43. Bd3+ Kf6 44. Nxc5 exf2+ 45. Kg2 Bxb2 46. Ne4+ Ke5 47.
Nxf2 Rf8 48. Be2 Ne3+ 49. Kg1 Bd4 50. Re7+ Kd6 51. Re4 Nc2 52. Rxd4+ Nxd4 53.
Bd3 Nf3+ 54. Kf1 Kc5 55. Ke2 Kd4 56. Bg6 Ne5 57. Bh5 Ra8 58. b6 Ra2+ 59. Ke1 Rb2
60. Nd1 Rxb6 61. Kf2 Ra6 62. Ne3 Ra2+ 63. Be2 Nd3+ 64. Kf3 Ne5+ 65. Kf2 Ke4 66.
Nd1 Rc2 67. Kf1 Nd3 68. Nf2+ Nxf2 69. Kxf2 h5 70. Kf1 h4 71. gxh4 gxh4 72. Bg4
Kf4 73. Kg1 Kg3 74. Kf1 Rf2+ 75. Ke1 Kg2 76. Bd7 Rf7 77. Bg4 Re7+ 78. Kd2 Re4
79. Bf5 Re5 80. Bc8 Kf2 81. Bg4 Rd5+ 82. Kc3 Kg3 83. Kc4 Rd2 84. Kc3 Rh2 85. Kd3
Rxh3 0-1

[Event "SPICE Cup Open 2016"]
[Site "Saint Louis USA"]
[Date "2016.10.19"]
[Round "4.21"]
[White "Gosdin, Kaleb Ryder"]
[Black "Duran Vega, Sergio"]
[Result "0-1"]
[BlackTitle "FM"]
[WhiteElo "1953"]
[BlackElo "2383"]
[WhiteFideId "30920442"]
[BlackFideId "6501311"]
[EventDate "2016.10.17"]
[EventType "swiss"]

1. d4 Nf6 2. c4 e6 3. Nc3 Bb4 4. Bg5 h6 5. Bh4 b6 6. f3 c5 7. d5 Bxc3+ 8. bxc3
e5 9. e3 d6 10. Qc2 Nbd7 11. Bd3 g5 12. Bf2 b5 13. Ne2 Nb6 14. O-O bxc4 15. Bxc4
Nxc4 16. Qa4+ Ke7 17. Qxc4 Qa5 18. Qd3 c4 19. Qc2 Qxd5 20. Rad1 Qc6 21. Ng3 Rg8
22. Rd2 Be6 23. Rfd1 Rad8 24. Nf5+ Bxf5 25. Qxf5 Qd7 26. Qb1 Qc6 27. Qb4 Ke6 28.
Bg3 d5 29. e4 Qb6+ 30. Qxb6+ axb6 31. Bf2 b5 32. h3 Rd7 33. Kf1 Rgd8 34. Bb6 Rb8
35. Bc5 Rc8 36. Bb4 Rcd8 37. Ba5 Ra8 38. Bb4 Ra6 39. a3 dxe4 40. Rxd7 Nxd7 41.
fxe4 Nf6 42. Re1 Ra7 43. Re3 Rd7 44. Ke2 h5 45. Kf3 Rd2 46. g4 h4 47. Re1 Rh2
48. Rd1 Rxh3+ 49. Ke2 Nxe4 0-1

[Event "SPICE Cup Open 2016"]
[Site "Saint Louis USA"]
[Date "2016.10.19"]
[Round "5.1"]
[White "Xiong, Jeffery"]
[Black "Le, Quang Liem"]
[Result "1/2-1/2"]
[WhiteTitle "GM"]
[BlackTitle "GM"]
[WhiteElo "2647"]
[BlackElo "2723"]
[WhiteFideId "2047640"]
[BlackFideId "12401137"]
[EventDate "2016.10.17"]
[EventType "swiss"]

1. d4 Nf6 2. c4 e6 3. Nf3 d5 4. g3 Bb4+ 5. Bd2 Be7 6. Bg2 O-O 7. O-O c6 8. Qc2
b6 9. Rd1 Bb7 10. b3 Nbd7 11. Bc3 Rc8 12. Nbd2 c5 13. Qb2 Qc7 14. Rac1 Qb8 15.
dxc5 bxc5 16. cxd5 exd5 17. e3 Rfe8 18. a3 Ba8 19. Qa1 h6 20. Rb1 Qc7 21. Rbc1
a5 22. b4 axb4 23. axb4 Bc6 24. bxc5 Nxc5 25. Bd4 Ra8 26. Qc3 Ba4 27. Re1 Rec8
28. Bh3 1/2-1/2

[Event "SPICE Cup Open 2016"]
[Site "Saint Louis USA"]
[Date "2016.10.19"]
[Round "5.2"]
[White "Nyzhnyk, Illya"]
[Black "Shimanov, Aleksandr"]
[Result "1/2-1/2"]
[WhiteTitle "GM"]
[BlackTitle "GM"]
[WhiteElo "2607"]
[BlackElo "2639"]
[WhiteFideId "14118084"]
[BlackFideId "4198603"]
[EventDate "2016.10.17"]
[EventType "swiss"]

1. g3 Nf6 2. Bg2 g6 3. Nf3 Bg7 4. d4 c5 5. O-O cxd4 6. Nxd4 d5 7. c4 O-O 8. cxd5
Nxd5 9. Nc3 Nxc3 10. bxc3 Nc6 11. Nxc6 bxc6 12. Qa4 Bxc3 13. Rb1 Be6 14. Bh6 Bg7
15. Bxg7 Kxg7 16. Bxc6 Rc8 17. Rfd1 Qc7 18. Bd7 Bxd7 19. Rxd7 Qc2 20. Qxc2 Rxc2
21. Rxe7 Rxa2 22. h4 h5 23. Rbb7 Rd2 24. e4 Rdd8 25. Rxa7 Rde8 26. e5 Rxe7 27.
Rxe7 Kg8 28. Kg2 Ra8 29. Kf3 Ra4 30. Ke3 Rb4 31. Rd7 Ra4 32. f3 Rb4 33. Rd4 Rb3+
34. Kf4 Kg7 35. g4 hxg4 36. fxg4 Rb1 37. h5 1/2-1/2

[Event "SPICE Cup Open 2016"]
[Site "Saint Louis USA"]
[Date "2016.10.19"]
[Round "5.4"]
[White "Chandra, Akshat"]
[Black "Durarbayli, Vasif"]
[Result "1/2-1/2"]
[WhiteTitle "IM"]
[BlackTitle "GM"]
[WhiteElo "2490"]
[BlackElo "2608"]
[WhiteFideId "25006711"]
[BlackFideId "13402935"]
[EventDate "2016.10.17"]
[EventType "swiss"]

1. e4 c5 2. Nf3 e6 3. d4 cxd4 4. Nxd4 Nc6 5. Nc3 Qc7 6. Qd3 a6 7. Nxc6 dxc6 8.
Qg3 Qxg3 9. hxg3 e5 10. Be3 Nf6 11. f3 Be6 12. g4 Nd7 13. g5 Be7 14. g3 b5 15.
Bh3 Bxh3 16. Rxh3 f6 17. gxf6 Nxf6 18. Ke2 O-O 19. Nd1 c5 20. Bg5 Rad8 21. Bxf6
Rxf6 22. Ne3 c4 23. Nd5 Re6 24. a4 Bc5 25. axb5 axb5 26. Ra5 Rb8 27. Rh1 Bd4 28.
c3 Bc5 29. Kf1 Bf8 30. Kg2 b4 31. cxb4 Bxb4 32. Ra2 Bc5 33. Rc1 Bd4 34. Rxc4
Rxb2+ 35. Rxb2 Bxb2 36. Rc8+ Kf7 37. Rc7+ Kf8 38. Ne3 Ba3 39. Nf5 g6 40. Ne3 h5
41. Nd5 Be7 42. f4 exf4 43. Nxf4 Rxe4 44. Nxg6+ Kf7 45. Rxe7+ Rxe7 46. Nxe7 Kxe7
47. Kh3 Kf6 48. g4 1/2-1/2

[Event "SPICE Cup Open 2016"]
[Site "Saint Louis USA"]
[Date "2016.10.19"]
[Round "5.5"]
[White "Leon Hoyos, Manuel"]
[Black "Sevian, Samuel"]
[Result "1/2-1/2"]
[WhiteTitle "GM"]
[BlackTitle "GM"]
[WhiteElo "2488"]
[BlackElo "2591"]
[WhiteFideId "5105269"]
[BlackFideId "2040506"]
[EventDate "2016.10.17"]
[EventType "swiss"]

1. c4 e5 2. g3 Nf6 3. Bg2 d5 4. cxd5 Nxd5 5. Nc3 Nb6 6. Nf3 Nc6 7. O-O Be7 8. a3
O-O 9. b4 Be6 10. d3 a5 11. b5 Nd4 12. Nd2 c6 13. bxc6 Nxc6 14. a4 Bb4 15. Bb2
Qd7 16. Nce4 Nd4 17. e3 Nc6 18. Nf3 Bg4 19. h3 Bxf3 20. Qxf3 f5 21. Nc3 Qxd3 22.
Rac1 e4 23. Qh5 Qd6 24. Rfd1 Qe6 25. Bf1 Rad8 26. Ba1 Rxd1 27. Nxd1 Be7 28. Qe2
Qb3 29. Nc3 Qe6 30. Qb5 Ne5 31. Ne2 Bf6 32. Nd4 Nf3+ 33. Nxf3 exf3 34. Bxf6 Rxf6
35. Qxa5 h5 36. h4 Qe4 37. Qa7 Qxa4 38. Qb8+ Kh7 39. Qxb7 Qe4 40. Qxe4 fxe4 41.
Bb5 Nd5 42. Bc6 Rd6 43. Rc4 Kh6 44. Bxd5 Rxd5 45. Rxe4 Rd1+ 46. Kh2 Rf1 47. g4
hxg4 48. Rxg4 Kh5 49. Rf4 Rxf2+ 50. Kg3 Rg2+ 51. Kxf3 Rg1 52. Ke4 Rh1 53. Kf5
g6+ 54. Kf6 Rxh4 55. Rxh4+ Kxh4 56. Kxg6 Kg4 57. e4 Kf4 58. e5 Kxe5 1/2-1/2

[Event "SPICE Cup Open 2016"]
[Site "Saint Louis USA"]
[Date "2016.10.19"]
[Round "5.6"]
[White "Robson, Ray"]
[Black "Rosen, Eric S"]
[Result "1-0"]
[WhiteTitle "GM"]
[BlackTitle "IM"]
[WhiteElo "2670"]
[BlackElo "2382"]
[WhiteFideId "2023970"]
[BlackFideId "2032562"]
[EventDate "2016.10.17"]
[EventType "swiss"]

1. e4 e5 2. Nf3 Nc6 3. Bc4 Bc5 4. c3 Nf6 5. d3 d6 6. O-O O-O 7. a4 a5 8. Bg5 h6
9. Bh4 Qe7 10. Nbd2 Be6 11. Re1 Ba7 12. Bb5 g5 13. Nxg5 hxg5 14. Bxg5 Kg7 15. d4
Rg8 16. Qf3 Bd7 17. Nf1 Kg6 18. h4 Bg4 19. Qg3 Kh7 20. Ne3 Bh5 21. f4 exd4 22.
Nd5 dxc3+ 23. Kh1 Qe6 24. Nxc7 Qg4 25. Qxc3 Bd4 26. Qd3 Rxg5 27. hxg5 Rh8 28.
Bxc6 bxc6 29. gxf6 Qh4+ 30. Qh3 Qxf6 31. g4 Kg6 32. Rg1 Bxg1 33. Rxg1 Qxf4 34.
gxh5+ Kh6 35. Re1 Rg8 36. Qe3 Qxe3 37. Rxe3 Rc8 38. Na6 Ra8 39. e5 Rxa6 40. exd6
c5 41. Rd3 Ra8 42. Rd5 Rd8 43. d7 f5 44. Kg2 Kxh5 45. Rxf5+ Kg4 46. Rd5 Kf4 47.
Kf2 Ke4 48. Rd1 Kf4 49. Ke2 Ke4 50. Rd3 c4 51. Rd2 Kf4 52. Rd4+ Kf5 53. Kf3 Ke5
54. Ke3 Ke6 55. Ke4 Ke7 56. Ke5 Rxd7 57. Rxd7+ Kxd7 58. Kd5 Kc7 59. Kxc4 Kc6 60.
b3 Kb6 61. Kd5 1-0

[Event "SPICE Cup Open 2016"]
[Site "Saint Louis USA"]
[Date "2016.10.19"]
[Round "5.7"]
[White "Liang, Awonder"]
[Black "Banawa, Joel Cholo B."]
[Result "1-0"]
[WhiteTitle "IM"]
[BlackTitle "FM"]
[WhiteElo "2478"]
[BlackElo "2363"]
[WhiteFideId "2056437"]
[BlackFideId "2024055"]
[EventDate "2016.10.17"]
[EventType "swiss"]

1. e4 e5 2. Nf3 Nc6 3. Bb5 a6 4. Ba4 Nf6 5. O-O b5 6. Bb3 Bb7 7. d3 Be7 8. Nc3
O-O 9. a3 Nd4 10. Ba2 Nxf3+ 11. Qxf3 d6 12. Qe2 Qd7 13. f4 exf4 14. Bxf4 Rae8
15. Kh1 Bd8 16. Qf3 c5 17. Bg3 c4 18. Qf5 Re6 19. Ne2 g6 20. Qh3 Qc7 21. Nd4
Ree8 22. Bh4 Bc8 23. Qf3 Ng4 24. Bxd8 Rxd8 25. Qg3 Qc5 26. Nf3 Qh5 27. Rae1 Ne5
28. Nd4 Qg4 29. Qe3 Qh4 30. h3 Bb7 31. Rf4 Qe7 32. Qg3 Kh8 33. Ref1 d5 34. exd5
Bxd5 35. dxc4 bxc4 36. Bb1 Rb8 37. b4 cxb3 38. cxb3 f5 39. b4 Rbd8 40. Nb3 Ba8
41. R4f2 Nf7 42. Nc5 a5 43. Qc3+ Kg8 44. Ba2 axb4 45. axb4 Bd5 46. Re1 Qc7 47.
Bxd5 Rxd5 48. Rfe2 Rd6 49. Qb2 1-0

[Event "SPICE Cup Open 2016"]
[Site "Saint Louis USA"]
[Date "2016.10.19"]
[Round "5.8"]
[White "Brown, Michael William"]
[Black "Neimer, Vitaly"]
[Result "1-0"]
[WhiteTitle "IM"]
[BlackTitle "IM"]
[WhiteElo "2431"]
[BlackElo "2346"]
[WhiteFideId "2037602"]
[BlackFideId "2807017"]
[EventDate "2016.10.17"]
[EventType "swiss"]

1. d4 Nf6 2. c4 e6 3. Nc3 Bb4 4. Qc2 O-O 5. a3 Bxc3+ 6. Qxc3 d6 7. Bg5 Nbd7 8.
e3 b6 9. Ne2 c5 10. Rd1 Ba6 11. Qc2 cxd4 12. Rxd4 Rc8 13. Nc3 Qc7 14. Qd1 h6 15.
Bxf6 Nxf6 16. Rxd6 Bxc4 17. Bxc4 Qxc4 18. Rd4 Qa6 19. Qe2 Qxe2+ 20. Kxe2 Rfd8
21. Rhd1 Rxd4 22. Rxd4 Kf8 23. f3 Ke7 24. e4 Rc5 25. Kd2 a5 26. b4 axb4 27. Rxb4
Nd7 28. Nd1 Ra5 29. a4 f5 30. exf5 Rd5+ 31. Ke2 exf5 32. Ne3 Re5 33. Kd3 g6 34.
h4 Ra5 35. Kd4 g5 36. Nc4 Ra8 37. hxg5 hxg5 38. Kd5 f4 39. Kc6 Rc8+ 40. Kb7 Kd8
41. Nxb6 Rc7+ 42. Ka6 Nb8+ 43. Kb5 Rc2 44. Rc4 Rb2+ 45. Ka5 Ke7 46. Rc8 Rxg2 47.
Rxb8 Rg3 48. Kb4 Rxf3 49. a5 Rf1 50. a6 Ra1 51. a7 f3 52. Na4 f2 53. a8=Q Rb1+
54. Ka5 Rxb8 55. Qa7+ 1-0

[Event "SPICE Cup Open 2016"]
[Site "Saint Louis USA"]
[Date "2016.10.19"]
[Round "5.9"]
[White "Gurevich, Daniel"]
[Black "Rahul, Srivatshav P"]
[Result "1/2-1/2"]
[WhiteTitle "IM"]
[WhiteElo "2488"]
[BlackElo "2277"]
[WhiteFideId "2044676"]
[BlackFideId "25059653"]
[EventDate "2016.10.17"]
[EventType "swiss"]

1. c4 Nf6 2. g3 g6 3. Bg2 Bg7 4. Nc3 O-O 5. d4 d6 6. Nf3 Nc6 7. O-O a6 8. h3 Bd7
9. e4 e5 10. d5 Nd4 11. Nxd4 exd4 12. Qxd4 Qc8 13. h4 Ng4 14. Qd3 Ne5 15. Qe2 b5
16. cxb5 axb5 17. Bf4 b4 18. Bxe5 Bxe5 19. Nd1 Qa6 20. Qd2 Qa7 21. Kh2 Qd4 22.
Qxd4 Bxd4 23. Re1 Ra7 24. Bf1 Bg4 25. Be2 Bxe2 26. Rxe2 Rfa8 27. Rc1 Bc5 28. a3
bxa3 29. bxa3 Rxa3 30. Nb2 Ra2 31. Rcc2 Re8 32. Nd3 Rxc2 33. Rxc2 Rxe4 34. Nxc5
dxc5 35. Rxc5 Re7 36. Kg2 1/2-1/2

[Event "SPICE Cup Open 2016"]
[Site "Saint Louis USA"]
[Date "2016.10.19"]
[Round "5.10"]
[White "Kaliksteyn, Alexander"]
[Black "Williams, Justus D"]
[Result "1-0"]
[WhiteTitle "FM"]
[BlackTitle "FM"]
[WhiteElo "2412"]
[BlackElo "2313"]
[WhiteFideId "2007630"]
[BlackFideId "2049929"]
[EventDate "2016.10.17"]
[EventType "swiss"]

1. d4 Nf6 2. Nf3 d5 3. c3 c5 4. dxc5 e6 5. b4 a5 6. e3 axb4 7. cxb4 b6 8. Bb5+
Bd7 9. Bxd7+ Nbxd7 10. a4 bxc5 11. b5 Bd6 12. O-O O-O 13. Bb2 Qc7 14. Nbd2 Rfc8
15. Qe2 e5 16. e4 c4 17. Rfc1 Qa5 18. Bc3 Bb4 19. Bxb4 Qxb4 20. Rcb1 Qc5 21.
exd5 Qxd5 22. b6 Rab8 23. a5 Rc5 24. Nxe5 Nxe5 25. a6 Rcc8 26. a7 c3 27. axb8=Q
Rxb8 28. Nf1 Nc4 29. b7 Nb2 30. Qe3 Qxb7 31. Qxc3 h6 32. Ra2 1-0

[Event "SPICE Cup Open 2016"]
[Site "Saint Louis USA"]
[Date "2016.10.19"]
[Round "5.11"]
[White "Colas, Joshua"]
[Black "Sharevich, Anna"]
[Result "1/2-1/2"]
[WhiteTitle "FM"]
[BlackTitle "WGM"]
[WhiteElo "2335"]
[BlackElo "2268"]
[WhiteFideId "2044447"]
[BlackFideId "13503189"]
[EventDate "2016.10.17"]
[EventType "swiss"]

1. d4 d5 2. c4 e6 3. Nc3 Be7 4. Nf3 Nf6 5. Bg5 h6 6. Bh4 O-O 7. e3 b6 8. Rc1 Bb7
9. cxd5 exd5 10. Bd3 Nbd7 11. O-O c5 12. dxc5 bxc5 13. Bb1 Rc8 14. h3 g6 15. Bg3
Qb6 16. b3 Rfd8 17. Re1 Bf8 18. Na4 Qe6 19. Nd2 Nb6 20. Nc3 a6 21. Ne2 Qc6 22.
Nf3 Qe8 23. Be5 Bg7 24. Ng3 Ne4 25. Bxg7 Kxg7 26. Nf1 Qe6 27. Qe2 Qf6 28. Bxe4
dxe4 29. N3d2 Qb2 30. Nb1 Qxe2 31. Rxe2 c4 32. b4 Rd3 33. Rec2 f5 34. Nfd2 Bd5
35. Nc3 Bc6 36. Kh2 Bb5 37. Nf1 Rcd8 38. Ra1 Rxc3 39. Rxc3 Na4 40. Rc2 c3 41.
Kg1 Bd3 42. Rcc1 c2 43. Nd2 Nc3 44. Kh2 Rb8 45. a3 Ne2 46. Re1 a5 47. bxa5 Rb2
48. Nf1 Rb5 49. a6 Ra5 50. Ng3 Nc3 51. Rec1 Rxa6 52. Rxc2 Bxc2 53. Rc1 Rxa3 1/2-1/2

[Event "SPICE Cup Open 2016"]
[Site "Saint Louis USA"]
[Date "2016.10.19"]
[Round "5.12"]
[White "Rosenthal, Nicholas"]
[Black "Kavutskiy, Konstantin"]
[Result "1/2-1/2"]
[BlackTitle "FM"]
[WhiteElo "2136"]
[BlackElo "2332"]
[WhiteFideId "2045150"]
[BlackFideId "2026384"]
[EventDate "2016.10.17"]
[EventType "swiss"]

1. e4 c5 2. Nf3 d6 3. Bb5+ Nd7 4. a4 a6 5. Bc4 e6 6. O-O Ngf6 7. Re1 Be7 8. c3
Qc7 9. Qe2 O-O 10. Bb3 b6 11. d4 Bb7 12. Nbd2 e5 13. d5 g6 14. Nf1 b5 15. c4 Nb6
16. a5 Nxc4 17. Bxc4 bxc4 18. N1d2 Nh5 19. Nxc4 f5 20. Nb6 Rae8 21. b4 cxb4 22.
Bh6 Nf4 23. Bxf4 exf4 24. Rac1 Qd8 25. Nd4 f3 26. Qc4 Bg5 27. Ne6 Qe7 28. Rc2
Rf7 29. Qxb4 Qf6 30. Nc4 fxe4 31. Nxd6 Bxd5 32. Nc7 Bf4 33. Nxd5 Qxd6 34. Qxd6
Bxd6 35. Rc6 Be5 36. Rxa6 Rd8 37. Ne3 Kg7 38. Re6 Bc3 39. Rf1 fxg2 1/2-1/2

[Event "SPICE Cup Open 2016"]
[Site "Saint Louis USA"]
[Date "2016.10.19"]
[Round "5.13"]
[White "Santarius, Erik F"]
[Black "Troff, Kayden W"]
[Result "1/2-1/2"]
[BlackTitle "GM"]
[WhiteElo "2289"]
[BlackElo "2501"]
[WhiteFideId "2025817"]
[BlackFideId "2047896"]
[EventDate "2016.10.17"]
[EventType "swiss"]

1. e4 c5 2. Nf3 d6 3. Bb5+ Nd7 4. d4 cxd4 5. Qxd4 a6 6. Bxd7+ Bxd7 7. O-O e5 8.
Qd3 h6 9. c4 b5 10. Nc3 bxc4 11. Qxc4 Nf6 12. Qd3 Be7 13. Nd2 Be6 14. Nc4 O-O
15. Ne3 Qb6 16. Ncd5 Qb7 17. Rd1 Nxd5 18. Nxd5 f5 19. Nxe7+ Qxe7 20. Bd2 fxe4
21. Qxe4 Qf6 22. f3 d5 23. Qe2 Bf5 24. Rac1 Rac8 25. Be1 Qe6 26. Bg3 e4 27. Rxc8
Rxc8 28. Re1 Qc6 29. Be5 Qb6+ 30. Qf2 Qxf2+ 31. Kxf2 Rc2+ 1/2-1/2

[Event "SPICE Cup Open 2016"]
[Site "Saint Louis USA"]
[Date "2016.10.19"]
[Round "5.14"]
[White "Kiewra, Keaton F"]
[Black "Grabinsky, Aaron"]
[Result "1/2-1/2"]
[WhiteTitle "IM"]
[WhiteElo "2454"]
[BlackElo "2330"]
[WhiteFideId "2019280"]
[BlackFideId "2087090"]
[EventDate "2016.10.17"]
[EventType "swiss"]

1. d4 e6 2. Nf3 Nf6 3. Bg5 c5 4. e3 cxd4 5. exd4 b6 6. Bd3 Bb7 7. O-O Be7 8.
Nbd2 O-O 9. Re1 Re8 10. c3 d6 11. Rc1 Nbd7 12. Bb1 Rc8 13. a3 a6 14. Bd3 Nd5 15.
Bxe7 Rxe7 16. g3 b5 17. a4 b4 18. c4 N5f6 19. Ne4 Qc7 20. Nxf6+ Nxf6 21. Bf1 Qb8
22. Bg2 e5 23. dxe5 dxe5 24. c5 Bd5 25. Nh4 Bxg2 26. Nxg2 Qa7 27. Qc2 e4 28. Qc4
a5 29. Rc2 Rec7 30. Rec1 Rxc5 31. Qxc5 Rxc5 32. Rxc5 h6 33. Ne3 g6 34. R1c4 Kg7
35. Rc7 Qa6 36. b3 Qd6 37. Ra7 Qd3 38. Rcc7 Qxb3 39. h3 Ne8 40. Re7 Nd6 41. Rad7
Nf5 42. Nxf5+ gxf5 43. Ra7 Kf6 44. Kg2 Qa2 45. Rad7 h5 46. h4 Qc4 47. Rc7 Qa2
48. Rcd7 e3 49. Rxe3 Qxa4 50. Rd6+ Kg7 51. Re5 Qa2 52. Rxf5 a4 53. Rb6 b3 54.
Rg5+ Kf8 55. Rgb5 Qd2 56. Rb4 Qd5+ 57. Kh2 Qa5 58. Rxb3 axb3 59. Rxb3 Qf5 60.
Kg1 Qe4 61. Re3 Qd5 62. Kh2 Kg7 63. Kg1 Kg6 64. Kh2 Kf5 65. Ra3 Kg4 66. Re3 f6
67. Ra3 Kf5 68. Re3 Kg6 69. Kg1 f5 70. Kh2 Kf6 71. Kg1 Qc6 72. Kh2 f4 73. gxf4
Kf5 74. Rg3 Kxf4 75. Re3 Qc2 76. Kg2 Qc6+ 77. Kh2 Qf6 78. Kg2 Qxh4 79. Rf3+ Ke4
80. Re3+ Kd4 81. Kg1 Qg4+ 82. Kh2 h4 83. Rh3 Ke5 84. Re3+ Kf4 85. Rh3 Kg5 86.
Re3 Qf4+ 87. Kg2 Qf5 88. Rh3 Kg4 89. Re3 Qh7 90. Rh3 Qb7+ 91. Kh2 Qd5 92. Re3
Kf4 93. Rh3 Qc6 94. Re3 Kg4 95. Rh3 Qc1 96. Kg2 Qh6 97. Kh2 1/2-1/2